| 000 | 00553nam a2200181Ia 4500 | ||
|---|---|---|---|
| 008 | 140527s9999 xx 000 0 und d | ||
| 020 | _a9789814524148 | ||
| 050 |
_aT 11 _b.Sm54 2013 |
||
| 100 | _aSmith-Worthington, Darlene. | ||
| 245 |
_aTechnical writing for success / _cDarlene Smith-Worthington, Sue Jefferson |
||
| 250 | _a3rd ed. | ||
| 260 |
_aMason, OH : _bSouth-Western, Cengage Learning, _cc2013. |
||
| 300 |
_a449 p. : _bill. ; _c26 cm. |
||
| 500 | _aIncludes glossary and index. | ||
| 521 | _aGE | ||
| 942 |
_kFOR _cBK |
||
| 999 |
_c117455 _d117455 |
||